| 000 | 00600nas a2200217 4500 | ||
|---|---|---|---|
| 001 | BR9000635 | ||
| 003 | BR-BrBNA | ||
| 005 | 20231205091810.0 | ||
| 007 | ta | ||
| 008 | 230509b bl.|||p| |||| 00| 00por d | ||
| 040 |
_aBR-BrBNA _bpor _cBiblioteca Nacional de Agricultura |
||
| 041 | _a(Pt) | ||
| 072 | _aL01 | ||
| 100 | 1 | _aLorenzon, M.C.A. | |
| 245 | 1 | _aRegistros em apiarios | |
| 650 | _aAPIARIO | ||
| 650 | _aREGISTRO GENEALOGICO | ||
| 773 | 0 |
_tCabras e Bodes (Brazil) _xISSN 0102-7344 _g(1989), v. 5(22) p. 16 _wBR9000635 |
|
| 909 |
_a202311 _bLúcia _c55 _dLúcia Elande |
||
| 942 |
_2AGRIS _n0 _cANA |
||
| 999 |
_c127422 _d127422 |
||